UFC Fighters - Statistics

General Stats
  • This quiz has been taken 148 times
  • The average score is 25 of 45
Answer Stats
Division Name Nickname % Correct
Light Heavyweight Jon Jones Bones
98%
Light Heavyweight/Heavyweight Daniel Cormier DC
93%
Middleweight Anderson Silva The Spider
90%
Welterweight Kamaru Usman The Nigerian Nightmare
90%
Featherweight/Lightweight Conor McGregor Notorious
88%
Middleweight Israel Adesanya The Last Stylebender
84%
Featherweight/Lightweight Max Holloway Blessed
84%
Lightweight Khabib Nurmagomedov The Eagle
83%
Flyweight Demetrius Johnson Mighty Mouse
82%
Lightweight/Welterweight Tony Ferguson El Cucuy
79%
Welterweight Georges St-Pierre Rush
78%
Bantamweight Sean O'Malley Suga
78%
Light Heavyweight Chuck Liddell The Iceman
74%
Middleweight Alex Pereira Poatan
73%
Lightweight Dustin Poirier The Diamond
72%
Lightweight Charles Oliveira Da Bronx
70%
Middleweight Nick Diaz The Stockton Bad Boy
66%
Heavyweight Francis Ngannou The Predator
62%
Welterweight Leon Edwards Rocky
62%
Lightweight/Welterweight Nate Diaz N/A
61%
Bantamweight TJ Dillashaw Killashaw
61%
Flyweight Brandon Moreno The Assassin Baby
57%
Bantamweight Dominick Cruz The Dominator
54%
Light Heavyweight Maurico Rua Shogun
54%
Welterweight Colby Covington Chaos
52%
Middleweight Yoel Romero Soldier of God
52%
Featherweight Jose Aldo Junior
51%
Bantamweight Cody Garbrandt No Love
48%
Middleweight/Light Heavyweight Lyoto Machida The Dragon
46%
Heavyweight Stipe Miocic N/A
45%
Flyweight/Bantamweight Henry Cejudo The Messenger
44%
Light Heavyweight Jan Blachowicz Polish Power
43%
Lightweight Michael Chandler Iron
42%
Lightweight/Welterweight BJ Penn The Prodigy
40%
Bantamweight Cory Sandhagen The Sandman
39%
Middleweight Michael Bisping The Count
38%
Bantamweight Petr Yan No Mercy
37%
Middleweight Chael Sonnen The Bad Guy
34%
Middleweight Paulo Costa The Eraser
28%
Lightweight Islam Makhachev N/A
24%
Lightweight Justin Gathje The Highlight
19%
Heavyweight Brock Lesnar The Next Big Thing
18%
Light Heavyweight Glover Teixeira N/A
14%
Middleweight Luke Rockhold N/A
11%
Light Heavyweight Forrest Griffin N/A
2%
No matching quizzes found
Score Distribution
Percent of People with Each Score
Percentile by Number Answered
Your Score History
You have not taken this quiz